[Event "WC-2015-Q-00009"]
[Site "LSS email"]
[Date "2015.09.08"]
[Round "?"]
[White "Budzyn, Roman"]
[Black "Vasilyev, Eugene"]
[Result "1/2-1/2"]
[WhiteElo "2357"]
[BlackElo "2155"]
[PlyCount "44"]
[EventDate "2015.09.15"]
[EventType "tourn (corr)"]
[EventRounds "12"]
[EventCountry "GER"]
[SourceTitle "Corr 2022"]
[Source "ChessBase"]
[SourceDate "2021.10.24"]
[SourceVersion "1"]
[SourceVersionDate "2021.10.24"]
[SourceQuality "1"]

1. Nf3 Nf6 2. d4 e6 3. c4 b6 4. Nc3 Bb4 5. Bg5 Bb7 6. e3 h6 7. Bxf6 Bxc3+ 8. bxc3 Qxf6 9. Be2 0-0 10. 0-0 d6 11. Qc2 Nd7 12. Nd2 Qg5 13. Bf3 Bxf3 14. Nxf3 Qg6 15. Qxg6 fxg6 16. Nd2 e5 17. a4 a5 18. f3 Rae8 19. Kf2 g5 20. Ke2 Rf7 21. h3 Nf6 22. Rab1 Kh7 1/2-1/2

[Event "WC-2015-Q-00009"]
[Site "LSS email"]
[Date "2015.09.08"]
[Round "?"]
[White "Vasilyev, Eugene"]
[Black "Budzyn, Roman"]
[Result "1/2-1/2"]
[WhiteElo "2155"]
[BlackElo "2357"]
[PlyCount "55"]
[EventDate "2015.09.15"]
[EventType "tourn (corr)"]
[EventRounds "12"]
[EventCountry "GER"]
[SourceTitle "Corr 2022"]
[Source "ChessBase"]
[SourceDate "2021.10.24"]
[SourceVersion "1"]
[SourceVersionDate "2021.10.24"]
[SourceQuality "1"]

1. e4 c5 2. Nf3 d6 3. d4 cxd4 4. Nxd4 Nf6 5. Nc3 a6 6. Be3 e5 7. Nb3 Be7 8. f3 Be6 9. Qd2 0-0 10. 0-0-0 Nbd7 11. g4 b5 12. g5 Nh5 13. Kb1 Nb6 14. Nd5 Nxd5 15. exd5 Bd7 16. Na5 Qc7 17. Bd3 Rab8 18. Rhe1 f5 19. f4 exf4 20. Bb6 Qxb6 21. Rxe7 Be8 22. Be2 Qd8 23. Re6 Qxg5 24. Nc6 Rb7 25. Qd4 Nf6 26. Ne7+ Kh8 27. Rg1 Ng4 28. h4 1/2-1/2

[Event "SM-2014-0-00307"]
[Site "LSS email"]
[Date "2014.10.27"]
[Round "?"]
[White "Budzyn, Roman"]
[Black "Baranowski, Tadeusz"]
[Result "1/2-1/2"]
[WhiteElo "2359"]
[BlackElo "2404"]
[PlyCount "47"]
[EventDate "2014.09.15"]
[EventType "tourn (corr)"]
[EventRounds "6"]
[EventCountry "GER"]
[SourceTitle "Corr 2022"]
[Source "ChessBase"]
[SourceDate "2021.10.24"]
[SourceVersion "1"]
[SourceVersionDate "2021.10.24"]
[SourceQuality "1"]

1. d4 Nf6 2. c4 e6 3. Nf3 d5 4. Nc3 c5 5. cxd5 cxd4 6. Qxd4 exd5 7. e4 dxe4 8. Qxd8+ Kxd8 9. Ng5 Be6 10. Nxe6+ fxe6 11. Bg5 Ke8 12. Bb5+ Kf7 13. 0-0-0 a6 14. Ba4 Be7 15. Bxf6 gxf6 16. Nxe4 Nc6 17. Bxc6 Rac8 18. Nd6+ Bxd6 19. Rxd6 Rxc6+ 20. Rxc6 bxc6 21. Rd1 Ke7 22. Rd4 Rg8 23. g3 Rg5 24. Rh4 1/2-1/2

[Event "WC-2013-T-00006"]
[Site "LSS email"]
[Date "2011.12.24"]
[Round "?"]
[White "Budzyn, Roman"]
[Black "Morozov, Dmitry Viktorovich"]
[Result "1-0"]
[WhiteElo "2286"]
[BlackElo "2380"]
[PlyCount "113"]
[EventDate "2011.12.28"]
[EventType "tourn (corr)"]
[EventRounds "12"]
[EventCountry "GER"]
[SourceTitle "Telechess CBM 159"]
[Source "ChessBase"]
[SourceDate "2014.03.17"]
[SourceVersion "1"]
[SourceVersionDate "2014.03.17"]
[SourceQuality "1"]

1. d4 Nf6 2. c4 g6 3. Nc3 d5 4. Nf3 Bg7 5. Bg5 Ne4 6. cxd5 Nxg5 7. Nxg5 e6 8. Qd2 exd5 9. Qe3+ Kf8 10. h4 h6 11. Nf3 Bf6 12. 0-0-0 Kg7 13. Qf4 Be6 14. e4 dxe4 15. Nd2 Nd7 16. Bc4 Bxc4 17. Nxc4 b5 18. Ne3 c5 19. Nxe4 cxd4 20. Ng4 Be7 21. Rxd4 Rc8+ 22. Kb1 Qc7 23. Qd2 Nc5 24. Nc3 h5 25. Re1 Bxh4 26. Nd5 Qb7 27. Ne5 Bd8 28. Rf4 Rf8 29. Nxg6 Kxg6 30. g4 Kg7 31. gxh5 Rc6 32. Rg1+ Kh7 33. Qc2+ Kh8 34. Qc3+ f6 35. Rg6 Ne4 36. Qb4 Nc5 37. Rfg4 Qh7 38. Qxb5 Rc8 39. Qc4 Bb6 40. a4 Ne6 41. Qe4 Rce8 42. Nxf6 Rxf6 43. Rxf6 Nc5 44. Qxh7+ Kxh7 45. a5 Bxa5 46. Rf7+ Kh8 47. Rxa7 Bb6 48. Rag7 Bd8 49. R7g6 Kh7 50. Rd4 Re1+ 51. Kc2 Be7 52. Rf4 Ne6 53. Rfg4 Bf8 54. b4 Re5 55. f3 Nd8 56. Rd4 Rxh5 57. Rxd8 1-0

[Event "ZH-2011-0-00590"]
[Site "LSS email"]
[Date "2011.06.02"]
[Round "?"]
[White "Budzyn, Roman"]
[Black "Lubas, Jozef"]
[Result "1/2-1/2"]
[WhiteElo "2256"]
[BlackElo "2271"]
[PlyCount "58"]
[EventDate "2011.05.28"]
[EventType "match (corr)"]
[EventRounds "2"]
[EventCountry "GER"]
[SourceTitle "Telechess CBM 145"]
[Source "Chessbase"]
[SourceDate "2011.11.11"]
[SourceVersion "1"]
[SourceVersionDate "2011.11.11"]
[SourceQuality "1"]

1. d4 Nf6 2. c4 e6 3. Nf3 d5 4. Nc3 h6 5. g3 Be7 6. Bg2 c5 7. cxd5 exd5 8. Be3 c4 9. 0-0 0-0 10. Ne5 Nc6 11. b3 cxb3 12. Qxb3 Na5 13. Qc2 Be6 14. f4 Re8 15. Rab1 Qc8 16. f5 Bd7 17. Qd3 Bc6 18. Bf4 Qd8 19. Nxc6 bxc6 20. e4 Nxe4 21. Nxe4 dxe4 22. Bxe4 Bf6 23. Rfd1 Rc8 24. Rbc1 Bg5 25. Rf1 Qf6 26. h4 Bxf4 27. Rxf4 Rb8 28. Qc3 Rbc8 29. Kf2 Nb7 1/2-1/2

[Event "ZH-2011-0-00590"]
[Site "LSS email"]
[Date "2011.06.02"]
[Round "?"]
[White "Lubas, Jozef"]
[Black "Budzyn, Roman"]
[Result "1/2-1/2"]
[WhiteElo "2271"]
[BlackElo "2256"]
[PlyCount "66"]
[EventDate "2011.05.28"]
[EventType "match (corr)"]
[EventRounds "2"]
[EventCountry "GER"]
[SourceTitle "Telechess CBM 145"]
[Source "Chessbase"]
[SourceDate "2011.11.11"]
[SourceVersion "1"]
[SourceVersionDate "2011.11.11"]
[SourceQuality "1"]

1. e4 c5 2. c3 e6 3. Nf3 Nc6 4. d4 d5 5. exd5 exd5 6. Bb5 Bd6 7. dxc5 Bxc5 8. 0-0 Nge7 9. Nbd2 0-0 10. Nb3 Bd6 11. Re1 a6 12. Bd3 Qc7 13. Be3 f6 14. c4 dxc4 15. Bxc4+ Kh8 16. Rc1 Rd8 17. Qe2 Bg4 18. h3 Bxf3 19. Qxf3 Ne5 20. Qe2 Nxc4 21. Rxc4 Nc6 22. Nd4 Nxd4 23. Rxd4 Be5 24. Rxd8+ Rxd8 25. Bf4 Rd5 26. Qf3 Qa5 27. Rc1 Bxf4 28. Qxf4 h6 29. Qb8+ Kh7 30. Qxb7 Qxa2 31. Rc7 Rg5 32. g3 Qa4 33. Qf3 Qd4 1/2-1/2

[Event "LSS RM-2010-0-00067"]
[Site "LSS email"]
[Date "2011.01.31"]
[Round "?"]
[White "Budzyn, Roman"]
[Black "Borisovs, Leonids"]
[Result "1-0"]
[WhiteElo "2256"]
[BlackElo "2205"]
[PlyCount "63"]
[EventDate "2010.11.04"]
[EventType "tourn (corr)"]
[EventRounds "6"]
[EventCountry "GER"]
[SourceTitle "Telechess CBM 147"]
[Source "ChessBase"]
[SourceDate "2012.03.16"]
[SourceVersion "1"]
[SourceVersionDate "2012.03.16"]
[SourceQuality "1"]

1. e4 e6 2. d4 d5 3. Nc3 Nf6 4. Bg5 dxe4 5. Nxe4 Nbd7 6. Nf3 h6 7. Bxf6 Nxf6 8. Bd3 Nxe4 9. Bxe4 c5 10. Qe2 cxd4 11. 0-0-0 Qb6 12. Rxd4 Bc5 13. Rd2 0-0 14. Rhd1 Be7 15. c3 a5 16. a4 Qc5 17. Bc2 Bf6 18. h4 h5 19. Ng5 Bxg5 20. hxg5 Qxg5 21. f4 Qxf4 22. Qxh5 Qh6 23. Qe5 Qf6 24. Qc5 g6 25. Rf2 Qg7 26. Qg5 e5 27. g4 Be6 28. Rh2 Rfe8 29. Be4 f6 30. Qe3 Rac8 31. Rh6 Bf7 32. Qh3 1-0

[Event "LSS RM-2010-0-00067"]
[Site "LSS email"]
[Date "2011.01.30"]
[Round "?"]
[White "Onder, Evren"]
[Black "Budzyn, Roman"]
[Result "1/2-1/2"]
[WhiteElo "2221"]
[BlackElo "2256"]
[PlyCount "58"]
[EventDate "2010.11.04"]
[EventType "tourn (corr)"]
[EventRounds "6"]
[EventCountry "GER"]
[SourceTitle "Telechess CBM 147"]
[Source "ChessBase"]
[SourceDate "2012.03.16"]
[SourceVersion "1"]
[SourceVersionDate "2012.03.16"]
[SourceQuality "1"]

1. e4 e5 2. Nf3 Nc6 3. Bb5 a6 4. Ba4 Nf6 5. 0-0 Be7 6. Re1 b5 7. Bb3 0-0 8. Nc3 d6 9. Nd5 Na5 10. d4 Nxd5 11. exd5 f6 12. Qd3 Nxb3 13. axb3 Bd7 14. Bd2 Qc8 15. c4 c6 16. Bb4 Re8 17. dxe5 fxe5 18. Qd2 c5 19. Ba5 Rb8 20. Ng5 bxc4 21. bxc4 Bxg5 22. Qxg5 Rxb2 23. Ra3 Rf8 24. Qe7 Rf6 25. f4 exf4 26. Bc3 f3 27. Bxb2 f2+ 28. Kf1 fxe1Q+ 29. Kxe1 Rg6 1/2-1/2

[Event "LSS RM-2010-0-00067"]
[Site "LSS email"]
[Date "2011.01.26"]
[Round "?"]
[White "Budzyn, Roman"]
[Black "Langer, Rajmund"]
[Result "1/2-1/2"]
[WhiteElo "2256"]
[BlackElo "2155"]
[PlyCount "52"]
[EventDate "2010.11.04"]
[EventType "tourn (corr)"]
[EventRounds "6"]
[EventCountry "GER"]
[SourceTitle "Telechess CBM 147"]
[Source "ChessBase"]
[SourceDate "2012.03.16"]
[SourceVersion "1"]
[SourceVersionDate "2012.03.16"]
[SourceQuality "1"]

1. e4 e5 2. Nf3 Nc6 3. Bc4 Bc5 4. c3 Nf6 5. d3 d6 6. 0-0 h6 7. h3 0-0 8. Re1 a6 9. Nbd2 Ba7 10. Bb3 Nh5 11. Nc4 Qf6 12. Ne3 Nf4 13. Ng4 Qg6 14. Bxf4 exf4 15. d4 Bxg4 16. hxg4 Qxg4 17. Qd3 Rae8 18. Bd5 Qd7 19. b4 Bb6 20. Qd2 g5 21. a4 a5 22. b5 Nd8 23. Qc2 Kg7 24. Rad1 c6 25. Ba2 Ne6 26. Bb1 Rh8 1/2-1/2

[Event "LSS WC-2013-S-00004"]
[Site "LSS email"]
[Date "2010.07.20"]
[Round "?"]
[White "Cloodt, Henrik"]
[Black "Budzyn, Roman"]
[Result "1/2-1/2"]
[WhiteElo "2283"]
[BlackElo "2277"]
[PlyCount "74"]
[EventDate "2010.07.25"]
[EventType "tourn (corr)"]
[EventRounds "10"]
[EventCountry "GER"]
[SourceTitle "Telechess CBM 143"]
[Source "ChessBase"]
[SourceDate "2011.07.15"]
[SourceVersion "1"]
[SourceVersionDate "2011.07.15"]
[SourceQuality "1"]

1. e4 Nc6 2. Nf3 e5 3. Bb5 Nd4 4. Nxd4 exd4 5. 0-0 Bc5 6. Bc4 d6 7. d3 c6 8. Qh5 Qe7 9. Bg5 Nf6 10. Qh4 0-0 11. f4 h6 12. Bxf6 Qxf6 13. Qxf6 gxf6 14. f5 a5 15. a4 Bb4 16. Rf2 Be1 17. Re2 Bb4 18. Nd2 Bd7 19. Nf1 Rae8 20. Ng3 Re5 21. Nh5 Bxf5 22. Rf2 Be6 23. Nxf6+ Kg7 24. Bxe6 fxe6 25. Raf1 d5 26. g4 Kh8 27. h3 dxe4 28. Nxe4 Rxf2 29. Kxf2 Be7 30. c4 dxc3 31. bxc3 b5 32. Ra1 Bd8 33. Rc1 Kg7 34. c4 b4 35. Kf3 c5 36. Rf1 Bg5 37. Ke2 Be7 1/2-1/2